| 000 | 00813nam a22002537a 4500 | ||
|---|---|---|---|
| 003 | DO-SdBNP | ||
| 005 | 20240226143127.0 | ||
| 008 | 210701b 2018 pr 00| 0 eng d | ||
| 020 | _a9789945608045 | ||
| 040 |
_aDO-SdBNP _bspa _cBNPHU |
||
| 082 | 4 |
_aPR861.44 _bC697d _222 |
|
| 100 | 1 |
_aCollazo, Lourdes M., _d1966- _979065 |
|
| 245 | 1 | 0 |
_aDevas : _b(poesía) / _cLourdes M. Collazo. |
| 260 |
_aSan Juan, Puerto Rico: _bIsla Negra, _c2018. |
||
| 300 |
_a70 p. ; _c22 cm. |
||
| 490 | _aFilo de juego | ||
| 500 | _aIncluye datos biográficos de la autora en la solapa de la cubierta | ||
| 590 | _aInventariado, 2021/LP | ||
| 650 | 4 |
_aPoesía puertorriqueña _979101 |
|
| 650 | 4 |
_aLiteratura puertorriqueña _979102 |
|
| 830 |
_aFilo de juego _91014 |
||
| 910 | _aValidado. Control de calidad MFF | ||
| 942 |
_2ddc _cLBS1 |
||
| 999 |
_c50031 _d50031 |
||